Emergency medical therapy / (Record no. 3358)
[ view plain ]
| 000 -LEADER | |
|---|---|
| fixed length control field | 00826pam a2200253 a 4500 |
| 001 - CONTROL NUMBER | |
| control field | 1126451 |
| 005 - DATE AND TIME OF LATEST TRANSACTION | |
| control field | 20250201183227.0 |
| 008 - FIXED-LENGTH DATA ELEMENTS--GENERAL INFORMATION | |
| fixed length control field | 941101s1996 paua bf 001 0 eng c |
| 020 ## - INTERNATIONAL STANDARD BOOK NUMBER | |
| International Standard Book Number | 9780721651620 |
| 050 00 - LIBRARY OF CONGRESS CALL NUMBER | |
| Classification number | RC86.7 |
| Item number | .E578 1996 |
| 082 00 - DEWEY DECIMAL CLASSIFICATION NUMBER | |
| Classification number | 616.02/5 |
| Edition information | 20 |
| 245 00 - TITLE STATEMENT | |
| Title | Emergency medical therapy / |
| Statement of responsibility, etc. | [edited by] Terry J. Mengert, Mickey S. Eisenberg, Michael K. Copass. |
| 250 ## - EDITION STATEMENT | |
| Edition statement | 4th ed. |
| 260 ## - PUBLICATION, DISTRIBUTION, ETC. | |
| Place of publication, distribution, etc. | Philadelphia : |
| Name of publisher, distributor, etc. | W.B. Saunders, |
| Date of publication, distribution, etc. | c1996. |
| 300 ## - PHYSICAL DESCRIPTION | |
| Extent | xv, 992 p. : |
| Other physical details | ill. ; |
| Dimensions | 21 cm. |
| 650 #0 - SUBJECT ADDED ENTRY--TOPICAL TERM | |
| Topical term or geographic name entry element | Medical emergencies |
| General subdivision | Handbooks, manuals, etc. |
| 650 #0 - SUBJECT ADDED ENTRY--TOPICAL TERM | |
| Topical term or geographic name entry element | Therapeutics |
| General subdivision | Handbooks, manuals, etc. |
| 650 12 - SUBJECT ADDED ENTRY--TOPICAL TERM | |
| Topical term or geographic name entry element | Emergencies |
| General subdivision | handbook. |
| 650 12 - SUBJECT ADDED ENTRY--TOPICAL TERM | |
| Topical term or geographic name entry element | Therapeutics |
| General subdivision | handbook. |
| 700 1# - ADDED ENTRY--PERSONAL NAME | |
| Personal name | Mengert, Terry J. |
| 700 1# - ADDED ENTRY--PERSONAL NAME | |
| Personal name | Eisenberg, Mickey S. |
| 700 1# - ADDED ENTRY--PERSONAL NAME | |
| Personal name | Copass, Michael K. |
| 942 ## - ADDED ENTRY ELEMENTS (KOHA) | |
| Source of classification or shelving scheme | Library of Congress Classification |
| Koha item type | Books |
| Edition | 4th ed. |
| Suppress in OPAC | No |
| 999 ## - | |
| -- | 3358 |
| -- | 3358 |
| Withdrawn status | Lost status | Source of classification or shelving scheme | Damaged status | Not for loan | Collection | Home library | Current library | Shelving location | Date acquired | Total checkouts | Full call number | Barcode | Date last seen | Copy number | Price effective from | Koha item type |
|---|---|---|---|---|---|---|---|---|---|---|---|---|---|---|---|---|
| Library of Congress Classification | Non-fiction | Science Library (Miotso) | Science Library (Miotso) | General stacks | 02/01/2025 | RC86.7 .E578 EME | SLM00002774 | 02/01/2025 | 1 | 02/01/2025 | Books |